[Event "Campeonato Brasileiro Amador 2016 U2000"]
[Site "Esporte Clube Pinheiros"]
[Date "2016.05.27"]
[Round "3.12"]
[White "Pimentel, Rafael Favarin G"]
[Black "Da Silva, Angelo Luiz"]
[Result "0-1"]
[WhiteElo "1963"]
[BlackElo "1879"]
[PlyCount "56"]
[EventDate "2016.05.26"]

1. d4 Nf6 2. c4 e5 3. dxe5 Ng4 4. Nf3 Nc6 5. e3 g6 6. Be2 Ngxe5 7. Nd4 Bg7 8.
Nc3 d6 9. f4 Nxd4 10. exd4 Nc6 11. Be3 O-O 12. d5 Re8 13. Qd2 Nb4 14. a3 Nc2+
15. Qxc2 Rxe3 16. Qd2 Qh4+ 17. Kd1 Qxf4 18. Rf1 Qe5 19. Rf3 Bh6 20. Qe1 Qd4+
21. Kc2 Bf5+ 22. Kb3 Qb6+ 23. Ka2 Bc2 24. Rc1 Qb3+ 25. Ka1 Rae8 26. Qh4 Rxf3
27. Qxh6 Rxc3 28. Qd2 Rce3 0-1

[Event "Campeonato Brasileiro Amador 2016 U2000"]
[Site "Esporte Clube Pinheiros"]
[Date "2016.05.27"]
[Round "3.13"]
[White "Lima, Eduardo Augusto Fabr"]
[Black "Serafim Junior, Arnor"]
[Result "0-1"]
[WhiteElo "1957"]
[BlackElo "1868"]
[PlyCount "62"]
[EventDate "2016.05.26"]

1. d4 Nf6 2. c4 g6 3. Nc3 Bg7 4. e4 d6 5. Be2 O-O 6. Bg5 h6 7. Be3 c5 8. d5 Qa5
9. Qd2 Kh7 10. h4 Ng4 11. Bxg4 Bxg4 12. f3 Bd7 13. h5 g5 14. g4 Na6 15. a3 Nc7
16. Nge2 b5 17. cxb5 Nxb5 18. Nxb5 Qxb5 19. Nc3 Qb3 20. Kf2 Rab8 21. Rab1 Qc4
22. Qe2 Qxe2+ 23. Kxe2 Rb3 24. Kd2 Rfb8 25. Kc2 Ba4 26. Nxa4 Rxe3 27. Rhf1 Be5
28. Rbe1 Reb3 29. Rb1 Kg7 30. Nc3 Kf6 31. Rfd1 Bxc3 0-1

[Event "Campeonato Brasileiro Amador 2016 U2000"]
[Site "Esporte Clube Pinheiros"]
[Date "2016.05.27"]
[Round "3.14"]
[White "Duailibe, Ricardo Miguel"]
[Black "Pritsopoulos, Constantino"]
[Result "0-1"]
[WhiteElo "1900"]
[BlackElo "1954"]
[PlyCount "90"]
[EventDate "2016.05.26"]

1. e4 d6 2. c4 Nf6 3. Nc3 e5 4. g3 Nc6 5. h3 g6 6. Bg2 Bg7 7. Nge2 Be6 8. d3
Qd7 9. Be3 Ne7 10. Qd2 h5 11. f4 c6 12. fxe5 dxe5 13. Na4 b6 14. Bxb6 axb6 15.
Nxb6 Qb7 16. Nxa8 Qxa8 17. O-O O-O 18. a4 Qa7+ 19. Kh1 Rd8 20. Qc3 Qe3 21. Rf3
Qxe2 22. Re1 Nxe4 23. dxe4 Qxc4 24. Qxc4 Bxc4 25. Rc3 Be6 26. Bf1 Bh6 27. a5
Ra8 28. Ra3 Bd2 29. Rd1 Bb4 30. Raa1 Rxa5 31. Rxa5 Bxa5 32. Rc1 Bd2 33. Rc2 Be3
34. Kg2 Bd4 35. b4 f5 36. Bd3 Kf7 37. h4 Ke8 38. Kf3 Kd7 39. Rc1 Kd6 40. Bc4
fxe4+ 41. Kxe4 Bd5+ 42. Bxd5 cxd5+ 43. Kf3 Nf5 44. b5 e4+ 45. Kf4 Be3# 0-1

[Event "Campeonato Brasileiro Amador 2016 U2000"]
[Site "Esporte Clube Pinheiros"]
[Date "2016.05.27"]
[Round "3.15"]
[White "Ferreira Jr, Walter"]
[Black "De Borba, Gabriel"]
[Result "1-0"]
[WhiteElo "1954"]
[BlackElo "1864"]
[PlyCount "47"]
[EventDate "2016.05.26"]

1. e4 c5 2. Nf3 e6 3. d3 d5 4. Nbd2 Nc6 5. g3 Bd6 6. Bg2 Nf6 7. O-O O-O 8. Re1
Qc7 9. c3 dxe4 10. dxe4 e5 11. Nc4 Be7 12. Qc2 Be6 13. Ne3 Rfd8 14. Ng5 Bc8 15.
Nd5 Qd7 16. Rd1 Nxd5 17. exd5 g6 18. Bh3 f5 19. Be3 Na5 20. Ne6 Re8 21. Bxc5
Bxc5 22. Nxc5 Qb5 23. b4 Nc4 24. Bf1 1-0

[Event "Campeonato Brasileiro Amador 2016 U2000"]
[Site "Esporte Clube Pinheiros"]
[Date "2016.05.27"]
[Round "3.16"]
[White "Reboucas, Deive Pacheco"]
[Black "Dos Reis, Leandro Aparecido C"]
[Result "0-1"]
[WhiteElo "1882"]
[BlackElo "1953"]
[PlyCount "58"]
[EventDate "2016.05.26"]

1. Nf3 Nf6 2. c4 e6 3. g3 b6 4. Bg2 Bb7 5. O-O c5 6. Nc3 d5 7. cxd5 Nxd5 8.
Qa4+ Bc6 9. Qc2 Nd7 10. a3 Rc8 11. e4 N5f6 12. d4 Be7 13. Rd1 cxd4 14. Nxd4 Bb7
15. Qa4 a6 16. e5 b5 17. Qb3 Nc5 18. Qa2 Nfd7 19. Bxb7 Nxb7 20. Nxe6 fxe6 21.
Qxe6 Nbc5 22. Qf5 Qb6 23. Rxd7 Nxd7 24. Nd5 Qg6 25. Nxe7 Kxe7 26. Bg5+ Ke8 27.
Qg4 Rc4 28. f4 Rc2 29. Rd1 Qb6+ 0-1

[Event "Campeonato Brasileiro Amador 2016 U2000"]
[Site "Esporte Clube Pinheiros"]
[Date "2016.05.27"]
[Round "3.17"]
[White "Polonio, Rodolfo"]
[Black "Arruda Filho, Ivo Pereira De"]
[Result "1-0"]
[WhiteElo "1952"]
[BlackElo "1827"]
[PlyCount "43"]
[EventDate "2016.05.26"]

1. d4 Nf6 2. c4 e6 3. Nf3 b6 4. a3 Bb7 5. Nc3 Be7 6. d5 O-O 7. e4 exd5 8. cxd5
d6 9. Be2 Nbd7 10. O-O Ne5 11. Nd4 c5 12. dxc6 Nxc6 13. Nf5 Bc8 14. Nxe7+ Qxe7
15. Bg5 Qe5 16. Qd2 Nd4 17. Bc4 Ng4 18. Bf4 Qc5 19. Bd5 Ne5 20. Bxe5 dxe5 21.
Bxa8 Ba6 22. Bd5 1-0

[Event "Campeonato Brasileiro Amador 2016 U2000"]
[Site "Esporte Clube Pinheiros"]
[Date "2016.05.27"]
[Round "3.18"]
[White "Camara, Jose Arruda"]
[Black "Desideri, Ricardo Maruchi"]
[Result "1/2-1/2"]
[WhiteElo "1878"]
[BlackElo "1950"]
[PlyCount "117"]
[EventDate "2016.05.26"]

1. e4 c5 2. Nf3 d6 3. Bb5+ Nd7 4. O-O Ngf6 5. Re1 e5 6. c3 a6 7. Ba4 b5 8. Bc2
Be7 9. d4 O-O 10. Nbd2 Qc7 11. Nf1 Re8 12. d5 c4 13. Ng3 Nc5 14. Be3 Ng4 15.
Bg5 Nf6 16. h3 a5 17. Be3 Rb8 18. Nd2 Ba6 19. Nf5 Bf8 20. Bg5 Bc8 21. Nh6+ Kh8
22. Bxf6 gxf6 23. Qh5 Bxh6 24. Qxh6 Qe7 25. Re3 Rg8 26. Rg3 Rg6 27. Qh4 Ba6 28.
Nf1 Rbg8 29. b3 Nd3 30. Bxd3 cxd3 31. Rd1 Qc7 32. Rdxd3 b4 33. c4 a4 34. Rdf3
axb3 35. axb3 Qd8 36. Rxg6 Rxg6 37. Ng3 Bc8 38. Nf1 Qg8 39. Rg3 Qg7 40. Rxg6
fxg6 41. Qg3 f5 42. f3 fxe4 43. fxe4 h5 44. Qg5 Qa7+ 45. Kh2 Kg7 46. Ng3 Qf2
47. Qe7+ Kh6 48. Qd8 Qf4 49. Qh8+ Kg5 50. Qd8+ Kh6 51. Qh8+ Kg5 52. Qxc8 Kh4
53. Qd8+ g5 54. Qxd6 Qxg3+ 55. Kg1 Qe1+ 56. Kh2 Qg3+ 57. Kg1 Qe3+ 58. Kh2 Qf4+
59. Kh1 1/2-1/2

[Event "Campeonato Brasileiro Amador 2016 U2000"]
[Site "Esporte Clube Pinheiros"]
[Date "2016.05.27"]
[Round "3.19"]
[White "Bonvini, Alberto Tonhati"]
[Black "Nicolini, Paulo Giovanni De A"]
[Result "0-1"]
[WhiteElo "1871"]
[BlackElo "1943"]
[PlyCount "122"]
[EventDate "2016.05.26"]

1. e4 e6 2. d4 d5 3. Nd2 Nf6 4. e5 Nfd7 5. Bd3 c5 6. c3 Nc6 7. Ne2 cxd4 8. cxd4
f6 9. exf6 Nxf6 10. Nf3 Bd6 11. O-O Qc7 12. Bg5 O-O 13. Qc2 h6 14. Bh4 Nh5 15.
Bh7+ Kh8 16. Bg6 Nf4 17. Nxf4 Bxf4 18. Rfe1 Bd7 19. Ne5 Nxe5 20. Qxc7 Nf3+ 21.
gxf3 Bxc7 22. Kg2 Bb6 23. Rad1 Rf4 24. Bg3 Rxd4 25. Rxd4 Bxd4 26. Bd6 Rc8 27.
f4 Rc6 28. Be5 Bxe5 29. Rxe5 Kg8 30. Bd3 Kf7 31. f5 Kf6 32. f4 Rb6 33. b3 exf5
34. Kf2 Rd6 35. h4 g5 36. hxg5+ hxg5 37. Re2 Re6 38. Rd2 gxf4 39. Bxf5 Rd6 40.
Bxd7 Rxd7 41. Kf3 Ke5 42. Re2+ Kd4 43. Re1 Kc3 44. Rc1+ Kd2 45. Rc5 d4 46. Kf2
Re7 47. a4 Re3 48. b4 d3 49. a5 Kd1 50. b5 d2 51. b6 axb6 52. axb6 Rb3 53. Ra5
Rxb6 54. Ra1+ Kc2 55. Ra2+ Rb2 56. Ra4 d1=Q 57. Rxf4 Qd3 58. Kg1 Qe3+ 59. Rf2+
Kb3 60. Kh1 Qh3+ 61. Kg1 Rb1+ 0-1

[Event "Campeonato Brasileiro Amador 2016 U2000"]
[Site "Esporte Clube Pinheiros"]
[Date "2016.05.27"]
[Round "3.20"]
[White "Aparecido Silva, Haroldo"]
[Black "Grillo, Carlos Henrique Gome"]
[Result "1-0"]
[WhiteElo "1865"]
[BlackElo "1942"]
[PlyCount "133"]
[EventDate "2016.05.26"]

1. Nf3 Nf6 2. g3 g6 3. Bg2 Bg7 4. O-O d6 5. d3 O-O 6. c4 e5 7. Nc3 Nc6 8. Rb1
Bg4 9. h3 Bd7 10. b4 Ne7 11. Kh2 c6 12. c5 Qc7 13. cxd6 Qxd6 14. Ne4 Nxe4 15.
dxe4 Qxd1 16. Rxd1 Be6 17. a3 Rfd8 18. Be3 Rxd1 19. Rxd1 f6 20. h4 Bf8 21. Bh3
Kf7 22. g4 a5 23. g5 Bxh3 24. Kxh3 axb4 25. axb4 Ra4 26. gxf6 Kxf6 27. Rd6+ Kf7
28. Nxe5+ Ke8 29. Bb6 Ra8 30. f4 Bg7 31. Re6 Bxe5 32. Rxe5 Kd7 33. h5 Rg8 34.
Bc5 Nc8 35. Rg5 b6 36. Bd4 Nd6 37. e5 Ne4 38. e6+ Ke7 39. Re5 Nf6 40. hxg6 hxg6
41. Bxb6 Nd5 42. Bc5+ Kf6 43. Kg3 Re8 44. e7 g5 45. Rxg5 Nxe7 46. Bxe7+ Rxe7
47. Kf3 Rb7 48. Rc5 Rxb4 49. Rxc6+ Ke7 50. e4 Rb1 51. Kg4 Rb5 52. e5 Kf7 53.
Kf5 Rb7 54. Kg5 Re7 55. Rf6+ Kg7 56. Kf5 Ra7 57. Rd6 Kf7 58. Ke4 Ra4+ 59. Rd4
Ra5 60. f5 Ke7 61. f6+ Ke6 62. Rd6+ Kf7 63. Kf5 Rb5 64. Rd7+ Ke8 65. Re7+ Kf8
66. Rc7 Ra5 67. Kg6 1-0

[Event "Campeonato Brasileiro Amador 2016 U2000"]
[Site "Esporte Clube Pinheiros"]
[Date "2016.05.27"]
[Round "3.21"]
[White "Rapouso, Ricardo Luis Borba"]
[Black "Jenidarchiche, Douglas Rodrigo"]
[Result "1-0"]
[WhiteElo "1937"]
[BlackElo "1792"]
[PlyCount "99"]
[EventDate "2016.05.26"]

1. d4 Nf6 2. c4 c5 3. d5 e6 4. Nc3 exd5 5. cxd5 d6 6. Nf3 g6 7. h3 Bg7 8. Bf4
a6 9. a4 O-O 10. e3 Nh5 11. Bh2 f5 12. Be2 f4 13. e4 Nd7 14. Nd2 Ne5 15. O-O
Qg5 16. Kh1 Bd7 17. Nf3 Nxf3 18. Bxf3 Nf6 19. Qd2 Nh5 20. g4 Bxc3 21. bxc3 Ng7
22. Rg1 Qh4 23. c4 g5 24. Bg2 f3 25. Bf1 Rf6 26. e5 dxe5 27. Bxe5 Rf7 28. Rb1
Bxa4 29. Rb6 Rf4 30. Bxf4 gxf4 31. Rxb7 Re8 32. Qxf4 Rf8 33. Qe5 Ne8 34. Qh5
Qxh5 35. gxh5+ Kh8 36. Bd3 Nf6 37. Rgg7 Be8 38. h6 a5 39. Ra7 a4 40. Bc2 Bd7
41. Rgxd7 Nxd7 42. Rxd7 Ra8 43. Rxh7+ Kg8 44. Rg7+ Kh8 45. Rg1 a3 46. Kh2 Rb8
47. d6 Rd8 48. h7 a2 49. d7 Ra8 50. Rg8+ 1-0

[Event "Campeonato Brasileiro Amador 2016 U2000"]
[Site "Esporte Clube Pinheiros"]
[Date "2016.05.27"]
[Round "3.22"]
[White "Weise, William Ferreira"]
[Black "Sa, Antonio Villar Marqu"]
[Result "0-1"]
[WhiteElo "1860"]
[BlackElo "1933"]
[PlyCount "92"]
[EventDate "2016.05.26"]

1. d4 Nf6 2. Nf3 d5 3. e3 Bf5 4. c4 c6 5. Nc3 e6 6. Nh4 Bg4 7. Qb3 b6 8. h3 Bh5
9. g4 Nfd7 10. gxh5 Qxh4 11. cxd5 cxd5 12. Bg2 Nc6 13. Bd2 Rc8 14. Rc1 Bb4 15.
a3 Bxc3 16. Rxc3 O-O 17. Qa4 Ndb8 18. Bf3 Ne5 19. Be2 Qe4 20. Rg1 Qb1+ 21. Qd1
Qxd1+ 22. Bxd1 Nc4 23. Bc1 Nxa3 24. Rxa3 Rxc1 25. Rxa7 Rb1 26. b3 Nc6 27. Rb7
Rb8 28. Rxb8+ Nxb8 29. h6 g6 30. Kd2 Nc6 31. Kc2 Ra1 32. Kb2 Ra8 33. Be2 Kf8
34. Ra1 Rxa1 35. Kxa1 Ne7 36. Ka2 Ng8 37. Ka3 Ke7 38. f3 Kd6 39. Kb4 Nxh6 40.
e4 f6 41. Kb5 Kc7 42. b4 Nf7 43. Bd3 Ng5 44. exd5 exd5 45. Be2 Nxh3 46. Bd1 Nf4
0-1

[Event "Campeonato Brasileiro Amador 2016 U2000"]
[Site "Esporte Clube Pinheiros"]
[Date "2016.05.27"]
[Round "3.23"]
[White "Felix, Raimundo Nascimento"]
[Black "Hara, Aroldo Hiroiuqui"]
[Result "0-1"]
[WhiteElo "1930"]
[BlackElo "1822"]
[PlyCount "64"]
[EventDate "2016.05.26"]

1. e4 g6 2. d4 d6 3. Nc3 Bg7 4. Be3 Nf6 5. Be2 O-O 6. g4 c6 7. g5 Ne8 8. Qd2 b5
9. h4 f5 10. f3 fxe4 11. fxe4 b4 12. Nd1 a5 13. Nf2 c5 14. h5 cxd4 15. Bxd4
Bxd4 16. Qxd4 Bb7 17. hxg6 e5 18. gxh7+ Kh8 19. Qe3 Nc6 20. O-O-O a4 21. Nf3
Qe7 22. Bc4 Na5 23. Bd5 Bxd5 24. exd5 Nc4 25. Qe2 Rc8 26. Ne4 b3 27. axb3 axb3
28. Nh4 Qa7 29. Qxc4 Rxc4 30. c3 Qe3+ 31. Nd2 Rxc3+ 32. Kb1 Qd3+ 0-1

[Event "Campeonato Brasileiro Amador 2016 U2000"]
[Site "Esporte Clube Pinheiros"]
[Date "2016.05.27"]
[Round "3.25"]
[White "Campos, Westerley Batista"]
[Black "Peixoto, Helio Ricardo Soutin"]
[Result "0-1"]
[WhiteElo "1744"]
[BlackElo "1913"]
[PlyCount "86"]
[EventDate "2016.05.26"]

1. d4 Nf6 2. Bf4 c5 3. e3 d5 4. Nf3 Nc6 5. c3 e6 6. Bd3 Bd6 7. Bg3 Qe7 8. Nbd2
e5 9. dxe5 Nxe5 10. Nxe5 Bxe5 11. Nf3 Bxg3 12. hxg3 a6 13. a4 Bg4 14. a5 Rd8
15. Qa4+ Kf8 16. Qf4 Bxf3 17. gxf3 d4 18. Bc4 dxc3 19. bxc3 Qd6 20. Qxd6+ Rxd6
21. e4 Nd7 22. f4 f6 23. Ke2 Ke7 24. Rhb1 Rb8 25. g4 g5 26. Rh1 Rh8 27. Rab1 b5
28. axb6 Nxb6 29. Bxa6 gxf4 30. Kf3 Nd7 31. Be2 Rd2 32. Rhe1 h5 33. Kxf4 hxg4
34. Ke3 Rc2 35. Kd3 Ra2 36. Rb7 Kd6 37. Ke3 Kc6 38. Rb3 Ne5 39. Bb5+ Kc7 40.
Bf1 Rh2 41. Be2 Rh3+ 42. Kf4 Rxe2 43. Rxe2 Rf3# 0-1

[Event "Campeonato Brasileiro Amador 2016 U2000"]
[Site "Esporte Clube Pinheiros"]
[Date "2016.05.27"]
[Round "3.26"]
[White "Da Silva, Wagner Afonso"]
[Black "Martinez, Marcio Eduardo"]
[Result "1/2-1/2"]
[WhiteElo "1979"]
[BlackElo "1779"]
[PlyCount "106"]
[EventDate "2016.05.26"]

1. d4 Nf6 2. c4 c6 3. Nc3 d5 4. cxd5 cxd5 5. Nf3 Nc6 6. e3 e6 7. Bd3 Be7 8. O-O
O-O 9. a3 Re8 10. Bd2 Bf8 11. Rc1 a6 12. Ne2 g6 13. Ng3 Bg7 14. Re1 Bd7 15. Qb3
b5 16. Rc5 Bf8 17. Rc2 Na5 18. Bxa5 Qxa5 19. Rec1 Rec8 20. Rxc8 Rxc8 21. Rxc8
Bxc8 22. Qc2 Qd8 23. Qc6 Qd7 24. Qc2 Qd8 25. Nf1 Bb7 26. N1d2 Nd7 27. h4 Qc8
28. Qb1 Bg7 29. h5 e5 30. dxe5 Nxe5 31. Nxe5 Bxe5 32. Nf3 Bg7 33. hxg6 hxg6 34.
Be2 Qc5 35. Ne1 d4 36. Nd3 Qg5 37. Nf4 dxe3 38. fxe3 Qg3 39. Qd3 g5 40. Nd5
Bxd5 41. Qxd5 Qxe3+ 42. Kf1 Bd4 43. Ke1 Bxb2 44. Kf1 Bd4 45. Ke1 g4 46. Kd1 Bb2
47. Bxg4 Bxa3 48. Bh5 Qe6 49. Qd8+ Bf8 50. Qg5+ Kh8 51. Qh4 Bh6 52. Bxf7 Qxf7
53. Qxh6+ Qh7 1/2-1/2

[Event "Campeonato Brasileiro Amador 2016 U2000"]
[Site "Esporte Clube Pinheiros"]
[Date "2016.05.27"]
[Round "3.27"]
[White "Aoyama, Edmundo"]
[Black "Almeida Junior, Waldomiro Carl"]
[Result "0-1"]
[WhiteElo "1797"]
[BlackElo "1872"]
[PlyCount "76"]
[EventDate "2016.05.26"]

1. Nf3 Nf6 2. b3 d5 3. Bb2 e6 4. d4 Bd6 5. Nbd2 O-O 6. e3 Nbd7 7. Bd3 Re8 8.
Ne5 c5 9. O-O cxd4 10. exd4 b6 11. Qe2 Bb7 12. Rac1 Rc8 13. Rfe1 Qe7 14. Bb5
Rc7 15. Ndf3 Rec8 16. c3 h6 17. Nxd7 Nxd7 18. Ne5 Nxe5 19. dxe5 Ba3 20. Bd3
Bxb2 21. Qxb2 Qg5 22. g3 Qh5 23. Bf1 d4 24. Be2 Qh3 25. Bf1 Qf5 26. Bg2 Bxg2
27. Kxg2 dxc3 28. Qc2 Qxc2 29. Rxc2 b5 30. Re4 Rd7 31. a3 Rd1 32. Re3 Ra1 33.
Rexc3 Rxc3 34. Rxc3 Rxa3 35. Rc8+ Kh7 36. Rc7 Kg6 37. g4 a5 38. Ra7 a4 0-1

[Event "Campeonato Brasileiro Amador 2016 U2000"]
[Site "Esporte Clube Pinheiros"]
[Date "2016.05.27"]
[Round "3.28"]
[White "Sato, Claudio Takeshi"]
[Black "Vieira, Alexandre Letizio"]
[Result "0-1"]
[WhiteElo "1464"]
[BlackElo "1859"]
[PlyCount "152"]
[EventDate "2016.05.26"]

1. e4 Nf6 2. e5 Nd5 3. d4 d6 4. f4 dxe5 5. fxe5 g6 6. Nf3 Bg7 7. Bc4 O-O 8. O-O
Bg4 9. Nc3 Nxc3 10. bxc3 e6 11. Ba3 Re8 12. h3 Bf5 13. Bd3 Nc6 14. Rb1 b6 15.
Kh1 Bxd3 16. Qxd3 Ne7 17. Ng5 Nf5 18. Ne4 Qh4 19. Rf3 Red8 20. g4 Nh6 21. Kg2
Bxe5 22. Rh1 c5 23. Qf1 cxd4 24. cxd4 Bxd4 25. Bc1 Rd5 26. Bxh6 Qxh6 27. Rxf7
Rf8 28. Rf3 Rc8 29. c3 Be5 30. Qa6 Rc7 31. Rhf1 Bg7 32. Qe2 e5 33. Qf2 Rd8 34.
Kg3 g5 35. Qe3 Qg6 36. Kg2 h6 37. Rf5 Qc6 38. R5f3 Qd5 39. R3f2 Rc4 40. Re2 Rf8
41. Rf3 Rf4 42. Ng3 Qxf3+ 43. Qxf3 Rxf3 44. Kxf3 Rxc3+ 45. Kg2 Ra3 46. Nf5 b5
47. Ne7+ Kf7 48. Nc6 a5 49. Nd8+ Ke7 50. Nc6+ Kd6 51. Nd8 b4 52. Nb7+ Kd5 53.
Rd2+ Ke4 54. Nd6+ Ke3 55. Nc4+ Ke4 56. Nxa3 bxa3 57. Rd7 Bf8 58. Rf7 Bc5 59.
Rf6 Kd3 60. Rxh6 e4 61. Rh8 e3 62. Rd8+ Ke2 63. Rd5 Bb4 64. Rxg5 Kd1 65. Re5 e2
66. g5 e1=Q 67. Rxe1+ Bxe1 68. g6 Bc3 69. h4 Kc2 70. h5 Bg7 71. Kg3 Kb2 72. Kg4
Bh6 73. Kf5 Kxa2 74. Kf6 Kb1 75. g7 Bxg7+ 76. Kxg7 a2 0-1

[Event "Campeonato Brasileiro Amador 2016 U2000"]
[Site "Esporte Clube Pinheiros"]
[Date "2016.05.27"]
[Round "3.29"]
[White "De Almeida, Guilherme Pereira"]
[Black "Sato, Luiz Henrique Yuzo T"]
[Result "1-0"]
[WhiteElo "1838"]
[BlackElo "1407"]
[PlyCount "69"]
[EventDate "2016.05.26"]

1. g4 e5 2. Bg2 Nc6 3. d3 Bc5 4. Nf3 d6 5. h3 Be6 6. c4 Nf6 7. Nc3 h6 8. a3 Qd7
9. b4 Bb6 10. Bd2 Rd8 11. e3 a6 12. Ne2 Ne7 13. Ng3 d5 14. c5 Ba7 15. Nxe5 Qc8
16. Qc2 c6 17. f4 Bb8 18. Bc3 Nd7 19. Nxd7 Bxd7 20. Bxg7 Rh7 21. Nh5 Ng8 22. d4
f5 23. Bf6 Nxf6 24. Nxf6+ Kf7 25. Nxh7 fxg4 26. hxg4 Bxg4 27. Rxh6 Rh8 28. Qg6+
Ke7 29. Qg7+ Kd8 30. Qxh8+ Kc7 31. Qe5+ Kd8 32. Qg5+ Ke8 33. Nf6+ Kf7 34. Rh7+
Kf8 35. Qg8# 1-0

[Event "Campeonato Brasileiro Amador 2016 U2000"]
[Site "Esporte Clube Pinheiros"]
[Date "2016.05.27"]
[Round "3.31"]
[White "De Freitas, Rames Fialho"]
[Black "Caceres, Elton Carlos"]
[Result "0-1"]
[WhiteElo "1935"]
[BlackElo "1854"]
[PlyCount "94"]
[EventDate "2016.05.26"]

1. d4 d5 2. c4 c6 3. Nc3 Nf6 4. Nf3 Bg4 5. Ne5 Bh5 6. Qb3 Qb6 7. Qxb6 axb6 8.
cxd5 Nxd5 9. Nxd5 cxd5 10. e3 f6 11. Bb5+ Kd8 12. Nd3 Nc6 13. a3 e6 14. Bd2 Bd6
15. Rc1 Rc8 16. f3 Ke7 17. O-O Bg6 18. Nf2 Na5 19. Bc3 Nc4 20. Rfe1 Na5 21. e4
dxe4 22. Nxe4 Bxe4 23. Rxe4 f5 24. Re2 Nc6 25. d5 Nd4 26. Rxe6+ Nxe6 27. Re1
Bc5+ 28. Kf1 Rhd8 29. dxe6 Rd6 30. Bd7 Rg8 31. Be5 Rd2 32. Re2 Rd1+ 33. Re1
Rxe1+ 34. Kxe1 Bd6 35. Bd4 Bxh2 36. Bxb6 Be5 37. Bc5+ Bd6 38. Bd4 g5 39. Kf2 h5
40. Ba4 Rd8 41. Bd7 h4 42. Bg7 Rg8 43. Bc3 g4 44. Bb5 Bc5+ 45. Kf1 gxf3 46.
gxf3 Rg1+ 47. Ke2 h3 0-1

[Event "Campeonato Brasileiro Amador 2016 U2000"]
[Site "Esporte Clube Pinheiros"]
[Date "2016.05.27"]
[Round "3.32"]
[White "Leon Lopes, Sergio Amadeus"]
[Black "Teshima, Ricardo Yoshida"]
[Result "1-0"]
[WhiteElo "1885"]
[BlackElo "1813"]
[PlyCount "65"]
[EventDate "2016.05.26"]

1. d4 Nf6 2. c4 e6 3. Nc3 d5 4. cxd5 exd5 5. Bf4 Bd6 6. Bxd6 Qxd6 7. e3 Bf5 8.
Qb3 O-O 9. Nf3 Nbd7 10. Be2 c6 11. O-O Rfe8 12. Rfd1 Ne4 13. Nh4 Bg6 14. Nxg6
hxg6 15. Nxe4 Rxe4 16. Qxb7 Rb8 17. Qxa7 Rxb2 18. Bf3 Rh4 19. h3 Nf6 20. Rab1
Rxb1 21. Rxb1 Ne4 22. Qb8+ Qf8 23. a4 Nd2 24. Qxf8+ Kxf8 25. Rb8+ Ke7 26. a5
Nxf3+ 27. gxf3 c5 28. a6 cxd4 29. a7 dxe3 30. a8=Q e2 31. Re8+ Kf6 32. Rxe2
Rxh3 33. Qd8+ 1-0

[Event "Campeonato Brasileiro Amador 2016 U2000"]
[Site "Esporte Clube Pinheiros"]
[Date "2016.05.27"]
[Round "3.33"]
[White "Passos Coutinho, Eduardo"]
[Black "Filgueiras, Nathan Felipe"]
[Result "0-1"]
[WhiteElo "1790"]
[BlackElo "1838"]
[PlyCount "136"]
[EventDate "2016.05.26"]

1. e4 c5 2. Nf3 Nc6 3. d4 cxd4 4. Nxd4 e5 5. Nb5 d6 6. c4 Be7 7. N1c3 a6 8. Na3
Be6 9. Be2 Bg5 10. O-O Bxc1 11. Rxc1 Nf6 12. Nc2 O-O 13. Qd2 Qe7 14. Rfd1 Rfd8
15. Ne3 Nd4 16. Ned5 Bxd5 17. Nxd5 Nxd5 18. cxd5 Qd7 19. b3 Rac8 20. h3 g6 21.
Kf1 f5 22. exf5 gxf5 23. Qg5+ Qg7 24. Qxg7+ Kxg7 25. g4 Kf6 26. gxf5 Nxe2 27.
Kxe2 Kxf5 28. Ke3 Rg8 29. Rc4 b5 30. Rc6 Rxc6 31. dxc6 Ke6 32. Ke4 Rc8 33. f4
exf4 34. Kxf4 Rxc6 35. Re1+ Kf6 36. Rd1 Rb6 37. Rc1 b4 38. Rc7 h5 39. Ke4 Ke6
40. Rh7 Rb5 41. Kd4 a5 42. Rh6+ Kd7 43. Rg6 Rf5 44. Ke3 Kc6 45. h4 Kd5 46. Rg7
Ke6 47. Rg6+ Ke7 48. Rg7+ Kf6 49. Ra7 Rc5 50. Ra6 Ke5 51. Kd2 Rd5+ 52. Ke3 Kf5
53. Rc6 Kg4 54. Rc4+ Kg3 55. Ke2 Rc5 56. Rd4 Rc2+ 57. Kd3 Rxa2 58. Rxd6 Kxh4
59. Kc4 Kg3 60. Rg6+ Kh3 61. Rg5 h4 62. Kb5 Kh2 63. Rh5 h3 64. Rg5 Rg2 65. Rh5
Rg3 66. Ka4 Kg2 67. Rxa5 h2 68. Rh5 Rg4 0-1

[Event "Campeonato Brasileiro Amador 2016 U2000"]
[Site "Esporte Clube Pinheiros"]
[Date "2016.05.27"]
[Round "3.34"]
[White "Gomes, Carlos Henrique Cal"]
[Black "Caporale, Giuseppe Guido"]
[Result "1-0"]
[WhiteElo "1835"]
[BlackElo "1738"]
[PlyCount "41"]
[EventDate "2016.05.26"]

1. d4 d6 2. Nf3 Nf6 3. c4 c5 4. dxc5 Qa5+ 5. Nc3 Qxc5 6. e3 Bd7 7. Be2 g6 8.
O-O Bg7 9. Bd2 O-O 10. b4 Qc8 11. Rc1 b6 12. Nd5 Qd8 13. Bc3 Nxd5 14. Bxg7 Kxg7
15. cxd5 a5 16. b5 Bg4 17. Qd4+ f6 18. Qxg4 Nd7 19. Nd4 f5 20. Ne6+ Kg8 21. Qd4
1-0

[Event "Campeonato Brasileiro Amador 2016 U2000"]
[Site "Esporte Clube Pinheiros"]
[Date "2016.05.27"]
[Round "4.1"]
[White "Milanez, Eduardo Medeiros"]
[Black "Da Silva Junior, Sediney Mari"]
[Result "1-0"]
[WhiteElo "1885"]
[BlackElo "1998"]
[PlyCount "88"]
[EventDate "2016.05.26"]

1. c4 e5 2. Nc3 Nc6 3. g3 g6 4. Bg2 Bg7 5. Nf3 d6 6. O-O f5 7. d3 Nf6 8. Bg5 h6
9. Bxf6 Bxf6 10. Nd5 O-O 11. Qd2 Bg7 12. Rab1 a5 13. b3 Ne7 14. a3 c6 15. Nxe7+
Qxe7 16. b4 axb4 17. axb4 Kh7 18. b5 Be6 19. bxc6 bxc6 20. Rb6 Qc7 21. Rxc6 Qd7
22. Rb6 d5 23. cxd5 Bxd5 24. Rfb1 Ra2 25. Qd1 f4 26. R6b5 Bxf3 27. Bxf3 fxg3
28. hxg3 Qd4 29. R5b4 Qc5 30. Rc4 Qa7 31. Rc2 Ra4 32. Rb7 Qd4 33. Rcc7 Rg8 34.
Kg2 Rb4 35. Rxb4 Qxb4 36. Rb7 Qd4 37. Qc2 Qd6 38. Rc7 h5 39. Rc6 Qf8 40. d4 Bf6
41. Bxh5 exd4 42. Rc7+ Kh6 43. Bf3 Rg7 44. Qc1+ Bg5 1-0

[Event "Campeonato Brasileiro Amador 2016 U2000"]
[Site "Esporte Clube Pinheiros"]
[Date "2016.05.27"]
[Round "4.2"]
[White "Rocha, Arthur Ferreira"]
[Black "Rodrigo Da Silva, Edson"]
[Result "1-0"]
[WhiteElo "1962"]
[BlackElo "1946"]
[PlyCount "125"]
[EventDate "2016.05.26"]

1. e4 e5 2. Nf3 Nc6 3. Bc4 Nf6 4. d4 exd4 5. O-O Nxe4 6. Re1 d5 7. Bxd5 Qxd5 8.
Nc3 Qa5 9. Nxe4 Be6 10. Neg5 O-O-O 11. Nxe6 fxe6 12. Ng5 Bb4 13. Rxe6 Qf5 14.
Qd3 Qxd3 15. cxd3 Rde8 16. Bf4 h6 17. Rxe8+ Rxe8 18. Ne4 Ba5 19. Rc1 Bb6 20. a3
a5 21. Kf1 Kd7 22. Nd2 g5 23. Bg3 Ne5 24. Bxe5 Rxe5 25. Nc4 Re6 26. Re1 Rxe1+
27. Kxe1 Ba7 28. Nxa5 b5 29. Nb3 Ke6 30. Ke2 c5 31. Nd2 Bb6 32. Kf3 Kd5 33. b3
Ba5 34. Ke2 Bd8 35. a4 Kc6 36. Kf3 Kb6 37. Ke4 bxa4 38. bxa4 Ka5 39. Kd5 Kxa4
40. Kxc5 Ba5 41. Ne4 Bc3 42. Kc4 Bb2 43. h4 gxh4 44. f4 Ka5 45. Nc5 Ba3 46. f5
Kb6 47. Nb3 Kc6 48. Nxd4+ Kd7 49. Kd5 Bb2 50. Nf3 Bf6 51. Ne5+ Ke7 52. Ng4 Bg5
53. Ne5 Kf6 54. Ke4 Ke7 55. d4 Bf6 56. d5 h5 57. Ng6+ Kf7 58. d6 Bc3 59. d7 Bf6
60. Kd5 Bd8 61. Kd6 Kf6 62. Nxh4 Kg5 63. Ke6 1-0

[Event "Campeonato Brasileiro Amador 2016 U2000"]
[Site "Esporte Clube Pinheiros"]
[Date "2016.05.27"]
[Round "4.3"]
[White "Farias, Jose Nogueira De"]
[Black "Deste, Dayan Kuhn"]
[Result "1/2-1/2"]
[WhiteElo "1941"]
[BlackElo "1966"]
[PlyCount "99"]
[EventDate "2016.05.26"]

1. e4 c5 2. Nf3 d6 3. d4 cxd4 4. Nxd4 Nf6 5. Nc3 a6 6. Be2 e5 7. Nb3 Be6 8. O-O
Nbd7 9. Be3 Be7 10. f4 Qc7 11. Nd2 exf4 12. Rxf4 Ne5 13. h3 b5 14. a3 Rc8 15.
Rc1 d5 16. exd5 Bxd5 17. Rxf6 gxf6 18. Nxd5 Qd6 19. Ne4 Qe6 20. Nxe7 Kxe7 21.
Bc5+ Rxc5 22. Nxc5 Qc6 23. b4 Rg8 24. Bg4 h5 25. Nd7 hxg4 26. Nxe5 fxe5 27. Qe2
Qe6 28. hxg4 Rxg4 29. Qe3 Qd5 30. Qe2 Qd4+ 31. Qf2 f5 32. c3 Qxf2+ 33. Kxf2 Ke6
34. Rd1 Rc4 35. Rh1 Kd5 36. Rd1+ Ke6 37. Rc1 e4 38. Ke3 Ke5 39. g3 Rc6 40. Rc2
Rg6 41. Kf2 f4 42. gxf4+ Kxf4 43. c4 e3+ 44. Kf1 Kf3 45. c5 Rh6 46. Kg1 Re6 47.
Kf1 Rh6 48. Kg1 Rh7 49. c6 Rc7 50. Kf1 1/2-1/2